000 00359 a2200133 4500
000 nam a22 7a 4500
100 _a Harvey Parker
110 _a Harvey Parker
245 _aPlant-Microbe Interactions: Agro-Ecological Perspectives
250 _alatest
260 _bStates Academic Press
_c2026
264 _bStates Academic Press
_c2026
942 _cBK
999 _c395016
_d395016